| 000 | 00414 a2200169 4500 | ||
|---|---|---|---|
| 999 |
_c534377 _d534377 |
||
| 003 | NUST | ||
| 005 | 20200218112718.0 | ||
| 020 | _a978-0887066849 | ||
| 038 | _aMSOHAIL | ||
| 082 | _a113 | ||
| 100 |
_aBurckardt,Titus. _928513 |
||
| 245 |
_aMirror of the Intellect. _cTitus Burckhardt. |
||
| 260 |
_aLahore. _bSuhail Academy. _c2001. |
||
| 300 | _a280p. | ||
| 500 | _aHard cover. | ||
| 942 |
_aNBS _cBK _k113 BUR _2ddc |
||